| Tag |
First Indicator |
Second Indicator |
Subfields |
| LEADER |
00000pam a2200000 i 4500 |
| 001 |
in00000665805 |
| 005 |
20151015085956.0 |
| 008 |
771103s1978 nyu b 00110 eng |
| 010 |
|
|
|a 77017037
|
| 020 |
|
|
|a 0060451432
|
| 035 |
|
|
|a (OCoLC)03447584
|
| 035 |
|
|
|9 ACY3786AM
|
| 040 |
|
|
|a DLC
|c DLC
|d TXA
|d UtOrBLW
|
| 043 |
|
|
|a n-us---
|
| 049 |
|
|
|a TXAM
|c [384177]
|
| 050 |
0 |
0 |
|a KF4119
|b .P4 1978
|
| 082 |
0 |
|
|a 344/.73/071
|
| 100 |
1 |
|
|a Peterson, LeRoy J.
|q (LeRoy James),
|d 1905-2007.
|
| 245 |
1 |
4 |
|a The law and public school operation /
|c LeRoy J. Peterson, Richard A. Rossmiller, Marlin M. Volz.
|
| 250 |
|
|
|a 2d ed.
|
| 264 |
|
1 |
|a New York :
|b Harper & Row,
|c [1978]
|
| 264 |
|
4 |
|c ©1978
|
| 300 |
|
|
|a x, 528 pages ;
|c 27 cm.
|
| 336 |
|
|
|a text
|b txt
|2 rdacontent
|
| 337 |
|
|
|a unmediated
|b n
|2 rdamedia
|
| 338 |
|
|
|a volume
|b nc
|2 rdacarrier
|
| 500 |
|
|
|a Includes indexes.
|
| 504 |
|
|
|a Bibliography: pages [507]-509.
|
| 650 |
|
0 |
|a Educational law and legislation
|z United States.
|
| 700 |
1 |
|
|a Rossmiller, Richard A.
|
| 700 |
1 |
|
|a Volz, Marlin M.,
|d 1917-2006.
|
| 999 |
|
|
|a MARS
|
| 999 |
f |
f |
|s b4e71727-6ad6-3c7e-ba79-357a21ee0294
|i 85d2c2c0-84bc-3982-ad44-6282ee61ec0e
|t 0
|
| 952 |
f |
f |
|p ric
|a Texas A&M University
|b Rellis Campus
|c Joint Library Facility
|d Remote Storage
|t 0
|e KF4119 .P4 1978
|h Library of Congress classification
|i unmediated -- volume
|m A14803180157
|
| 998 |
f |
f |
|a KF4119 .P4 1978
|t 0
|l Remote Storage
|